Loading...
| Science - Chemistry | 5 | 1 | 2 | 0 | 75 | 14 | 44.83 | 4 | 5 | 42.23 | 57.14 |
| Science - Biology | 1 | 3 | 1 | 2 | 40 | 64 | 101.50 | 2 | 4 | 8.25 | 27.27 |
| Science - Other | 0 | 4 | 1 | 2 | 35 | 91 | 120.50 | 1 | 1 | 4.54 | 27.14 |
| Literature - Short Fiction | 0 | 2 | 0 | 0 | 20 | 115 | 117.00 | 0 | 0 | 26.16 | 42.86 |
| Science - Physics | 1 | 1 | 2 | 0 | 15 | 43 | 61.50 | 1 | 2 | 16.15 | 24.68 |
| Current Events | 1 | 0 | 0 | 0 | 15 | 35 | 35.00 | 1 | 1 | 9.52 | 10.71 |
| Science - Math | 0 | 1 | 0 | 1 | 10 | 148 | 148.00 | 0 | 0 | 1.33 | 28.57 |
| Short Fiction and Other | 0 | 1 | 0 | 0 | 10 | 99 | 99.00 | 0 | 1 | 4.30 | 8.93 |
| Fine Arts - Classical Music | 1 | 0 | 1 | 0 | 10 | 39 | 39.00 | 1 | 1 | 6.79 | 18.18 |
| Fine Arts - Other | 0 | 1 | 0 | 1 | 10 | 127 | 127.00 | 0 | 1 | 0.10 | 2.68 |
| Literature - Long Fiction | 0 | 1 | 0 | 0 | 10 | 103 | 103.00 | 0 | 1 | 2.07 | 4.08 |
| Other Academic | 0 | 1 | 0 | 0 | 10 | 84 | 84.00 | 1 | 1 | 3.48 | 9.09 |
| Religion | 0 | 1 | 0 | 0 | 10 | 119 | 119.00 | 0 | 0 | 2.47 | 6.35 |